000 00684nam a2200229 i 4500
001 147621
003 ES-MaACL
005 20260612132715.0
007 t|
008 071004s1967 sp ||||1| spa d
080 _a81
100 1 _aUscatescu, Jorge,
_d1919-1995
_9112293
245 1 0 _aNuevos aspectos de la fenomenología del lenguaje /
_cGeorge Uscatescu.
260 _aMadrid :
_bPunta Europa,
_c1967.
300 _a17 p. ;
_c24 cm.
595 _aTirada aparte de: Punta Europa, ag.-sept. 1967, n. 124-125
650 4 _aLingüística.
_914463
852 4 _aES-MaACL
_j2062-F-30
852 4 _aES-MaACL
_j2068-F-33
852 4 _aES-MaACL
_j2075-F-35
999 _c147621
_d147621